[Event "2nd Sharjah Masters 2018"]
[Site "Sharjah UAE"]
[Date "2018.04.15"]
[Round "5.26"]
[White "Song, Yuxin"]
[Black "Grivas, Efstratios"]
[Result "1/2-1/2"]
[WhiteTitle "WCM"]
[BlackTitle "GM"]
[WhiteElo "2075"]
[BlackElo "2468"]
[WhiteFideId "8614300"]
[BlackFideId "4200039"]
[EventDate "2018.04.12"]

1. e4 c5 2. Nf3 Nc6 3. Bb5 d6 4. d4 cxd4 5. Qxd4 Qa5+ 6. Nc3 Qxb5 7. Nxb5 Nxd4
8. Nfxd4 Kd8 9. c4 Nf6 10. f3 a6 11. Nc3 e6 12. b3 Kc7 13. Be3 Bd7 14. Kf2 Be7
15. a4 Rac8 16. Rhd1 Kb8 17. Nc2 Bc6 18. Ra2 Rhd8 19. Bb6 Re8 20. b4 Bd7 21. Ne3
e5 22. Rc1 Be6 23. Ncd5 Nd7 24. a5 Bg5 25. Rac2 g6 26. g3 f5 27. h4 Bh6 28. Rd1
Rc6 29. Rd3 f4 30. Ng4 Bg7 31. Rdc3 h5 32. Nh2 fxg3+ 33. Kxg3 Bh6 34. Be3 Bxe3
35. Rxe3 Bxd5 36. exd5 Rc7 37. f4 Nf6 38. Rd3 exf4+ 39. Kxf4 Re4+ 40. Kg5 Ng4
41. Nf3 Rf7 42. Kxg6 Ref4 43. Kxh5 Nf6+ 44. Kg6 Nd7 45. Rcc3 Nf8+ 46. Kg5 R7f5+
47. Kh6 Rf6+ 48. Kh5 Ng6 49. Kg5 Ne7 50. Re3 R6f5+ 51. Kh6 Rf6+ 52. Kg5 R6f5+
53. Kh6 Rf6+ 54. Kg5 1/2-1/2

[Event "2nd Sharjah Masters 2018"]
[Site "Sharjah UAE"]
[Date "2018.04.15"]
[Round "5.27"]
[White "Iniyan, P"]
[Black "Zhu, Yilun"]
[Result "1-0"]
[WhiteTitle "IM"]
[WhiteElo "2466"]
[BlackElo "2195"]
[WhiteFideId "25002767"]
[BlackFideId "8609292"]
[EventDate "2018.04.12"]

1. d4 Nf6 2. c4 e6 3. a3 d5 4. Nc3 c5 5. e3 a6 6. Nf3 Nc6 7. h3 dxc4 8. Bxc4 b5
9. Ba2 Bb7 10. O-O Qc7 11. Qc2 cxd4 12. exd4 Rd8 13. d5 Nxd5 14. Nxd5 exd5 15.
Bg5 f6 16. Bd2 Bd6 17. Rac1 Qf7 18. Rfe1+ Ne5 19. Ba5 O-O 20. Nxe5 fxe5 21. Bxd8
Rxd8 22. Qd2 Bc7 23. Rc3 Kh8 24. Rd3 h6 25. Rd1 Bb6 26. Bxd5 Bxd5 27. Rxd5 Rf8
28. Rf1 e4 29. Re5 e3 30. Rxe3 Bxe3 31. Qxe3 Re8 32. Qd3 Qf6 33. Qc2 a5 34. Rd1
b4 35. Rd3 bxa3 36. bxa3 Rf8 37. Qd2 Qb6 38. Qe3 Qb1+ 39. Kh2 Qb8+ 40. Qg3 Qb5
41. Rc3 Qb2 42. Rc7 Qd4 43. Rc2 Qe4 44. Rd2 Qe6 45. Qc3 Qf5 46. Qg3 Qe6 47. Rd4
Qe7 48. Rg4 Rd8 49. Qc3 Rd5 50. Rc4 Qd6+ 51. g3 Rf5 52. Rc8+ Rf8 53. f4 a4 54.
Rc6 Qd5 55. Rxh6+ Kg8 56. Rb6 Re8 57. Rb2 Qd1 58. Qc4+ Kh8 59. f5 Qf3 60. Qg4
Qe3 61. Qh4+ Kg8 62. Qxa4 Kh7 63. Qh4+ Kg8 64. Qc4+ Kh8 65. Qf7 Rd8 66. h4 Qxa3
67. Rf2 Qe3 68. Qh5+ Kg8 69. Qf3 Qxf3 70. Rxf3 Kf7 71. Kh3 Rd4 72. Rf4 Rd5 73.
Kg4 Kf6 74. Ra4 Rd6 75. Re4 Rd3 76. Re6+ Kf7 77. Kf4 Rd4+ 78. Kg5 Ra4 79. g4 Ra5
80. Rb6 Rc5 81. h5 Rc4 82. h6 gxh6+ 83. Rxh6 Kg7 84. Ra6 Rc7 85. Ra4 Rb7 86. Kf4
Kg8 87. g5 Rb1 88. g6 Rb7 89. Kg5 Rb8 90. f6 Kh8 91. Rh4+ Kg8 92. f7+ Kf8 93.
Rh8+ Kg7 94. f8=Q+ Rxf8 95. Rxf8 Kxf8 96. Kf6 Kg8 97. g7 1-0

[Event "2nd Sharjah Masters 2018"]
[Site "Sharjah UAE"]
[Date "2018.04.15"]
[Round "5.28"]
[White "Sundararajan, Kidambi"]
[Black "Nikhil, Magizhnan"]
[Result "1-0"]
[WhiteTitle "GM"]
[BlackTitle "CM"]
[WhiteElo "2436"]
[BlackElo "2105"]
[WhiteFideId "5005370"]
[BlackFideId "35075497"]
[EventDate "2018.04.12"]

1. d4 Nf6 2. Nf3 e6 3. e3 b6 4. Bd3 Bb7 5. O-O Be7 6. c4 O-O 7. Nc3 d5 8. cxd5
exd5 9. b3 a6 10. Bb2 Bd6 11. Ne5 c5 12. Ne2 Nbd7 13. Ng3 g6 14. f4 Qe7 15. Qf3
cxd4 16. exd4 Ba3 17. Nf5 gxf5 18. Bxa3 Qxa3 19. Bxf5 Bc8 20. Nxd7 Bxd7 21. Bxd7
Qb2 22. Rad1 Qxa2 23. Bf5 Qa3 24. Qh3 Kh8 25. Qh6 Qe7 26. Rfe1 Qd8 27. Rd3 Rg8
28. Rg3 Ra7 29. Re8 Rxe8 30. Qg7# 1-0

[Event "2nd Sharjah Masters 2018"]
[Site "Sharjah UAE"]
[Date "2018.04.15"]
[Round "5.29"]
[White "Sultan, Ibrahim"]
[Black "Kowsarinia, Amir"]
[Result "0-1"]
[WhiteTitle "IM"]
[BlackTitle "FM"]
[WhiteElo "2141"]
[BlackElo "2316"]
[WhiteFideId "9301143"]
[BlackFideId "12500089"]
[EventDate "2018.04.12"]

1. d4 e6 2. c4 b6 3. Nf3 Bb7 4. g3 f5 5. Bg2 Nf6 6. O-O Bd6 7. Nc3 O-O 8. Qc2
Nc6 9. a3 a6 10. b3 Qe7 11. Bb2 Nd8 12. Rfd1 Ne4 13. b4 c5 14. bxc5 bxc5 15. d5
Rb8 16. Rab1 Nf6 17. Nd2 Nf7 18. Ba1 Be5 19. Nf3 Bc7 20. e4 f4 21. e5 Nxe5 22.
Nxe5 Bxe5 23. d6 Qf7 24. Rxb7 fxg3 25. hxg3 Rxb7 26. Bxb7 Ng4 27. f4 Bxf4 28.
gxf4 Qxf4 29. Ne4 Qe3+ 30. Kg2 Qh6 31. Kg1 Ne3 32. Qd2 Qg6+ 33. Kh1 Qh5+ 34. Kg1
Qg4+ 35. Kh1 Nxd1 36. Qg2 Qxg2+ 37. Kxg2 Ne3+ 38. Kg3 a5 39. Nxc5 Nf5+ 40. Kg2
Nxd6 41. Ba6 Rf7 42. a4 h5 43. Bb5 Kh7 44. Be5 Nf5 45. Ne4 Ne3+ 46. Kg3 Rf5 47.
Bc3 g5 48. Bxd7 h4+ 49. Kh2 Kg6 50. Bxe6 Rf4 51. Nd6 g4 52. Bd5 Rf2+ 53. Kg1 g3
54. Be4+ Kh5 55. Bd3 h3 56. Bd4 h2+ 57. Kh1 Rd2 0-1

[Event "2nd Sharjah Masters 2018"]
[Site "Sharjah UAE"]
[Date "2018.04.15"]
[Round "5.30"]
[White "Pranav, V"]
[Black "Balasubramaniam, H"]
[Result "1-0"]
[WhiteElo "2366"]
[BlackElo "2060"]
[WhiteFideId "25060783"]
[BlackFideId "35053248"]
[EventDate "2018.04.12"]

1. e4 c5 2. Nf3 e6 3. d3 Nc6 4. g3 g6 5. Bg2 Bg7 6. O-O Nge7 7. Qe2 d6 8. c3 e5
9. Nbd2 O-O 10. Nh4 g5 11. Nhf3 Ng6 12. h3 h6 13. Nc4 f5 14. Nh2 f4 15. Qh5 Kh7
16. Bf3 Be6 17. Bg4 Bf7 18. Bf5 Ne7 19. Qe2 Nxf5 20. exf5 Ne7 21. g4 Nc6 22. Rd1
Bf6 23. Nf3 Re8 24. Ncd2 d5 25. Qf1 Qc7 26. c4 Nd4 27. Nxd4 exd4 28. cxd5 Bxd5
29. Ne4 Bxe4 30. dxe4 Rxe4 31. Qc4 Kg7 32. Bd2 b6 33. Rac1 Qf7 34. Qb5 Qe8 35.
Qa6 Qc8 36. Qd3 Re7 37. b4 Rc7 38. bxc5 Rxc5 39. Rxc5 Qxc5 40. Rc1 Qd6 41. h4
Qd7 42. h5 Rc8 43. Re1 Qd5 44. Qa3 Rc7 45. Re6 Qc5 46. Qd3 Qc2 47. Qe2 Qc4 48.
Qe4 Qc2 49. Qe2 Qc4 50. Qe1 Rf7 51. Qe4 Qxa2 52. Rxf6 Rxf6 53. Qxd4 Qf7 54. Bc3
Qe7 55. Qd5 Kh7 56. Bxf6 Qxf6 57. Qd7+ Kg8 58. Qxa7 Kh8 59. Qb7 Kg8 60. Kg2 Kh8
61. Qc8+ Kg7 62. Kf3 Qd6 63. Qb7+ Kf6 64. Kg2 Ke5 65. Qg7+ Ke4 66. f6 f3+ 67.
Kh3 Qd1 68. Qe7+ Kd5 1-0

[Event "2nd Sharjah Masters 2018"]
[Site "Sharjah UAE"]
[Date "2018.04.15"]
[Round "5.31"]
[White "Dhulipalla, Bala Chandra Prasad"]
[Black "Kakulidis, Ellen"]
[Result "1-0"]
[WhiteTitle "IM"]
[BlackTitle "WCM"]
[WhiteElo "2294"]
[BlackElo "1975"]
[WhiteFideId "25005812"]
[BlackFideId "1444972"]
[EventDate "2018.04.12"]

1. e4 e5 2. Nf3 Nc6 3. d3 Nf6 4. c3 Be7 5. b4 a6 6. Nbd2 d5 7. Bb2 O-O 8. Be2
Re8 9. O-O Bf8 10. Re1 g6 11. Bf1 Bg7 12. a3 dxe4 13. dxe4 Nh5 14. g3 Qe7 15.
Nc4 Rd8 16. Qc2 Be6 17. Ne3 Rd7 18. Bg2 Rad8 19. c4 Nd4 20. Nxd4 exd4 21. Nd5
Qf8 22. Qd3 c5 23. bxc5 Qxc5 24. Red1 b5 25. cxb5 Qxb5 26. Bxd4 Bxd5 27. Qxb5
axb5 28. exd5 Nf6 29. Rab1 Nxd5 30. Bxg7 Kxg7 31. Bh3 Rd6 32. Bf1 Nc3 33. Rxd6
Rxd6 34. Rb3 Rc6 35. Bxb5 Nxb5 36. Rxb5 Rc1+ 37. Kg2 Ra1 38. Rb3 h5 39. h4 Kf6
40. Kf3 Ke5 41. Ke3 f6 42. Kd3 g5 43. Rb5+ Kd6 44. hxg5 Rxa3+ 45. Ke2 fxg5 46.
Rxg5 h4 47. g4 Ke6 48. Rh5 h3 49. f3 h2 50. Kf2 Kf6 51. Rxh2 Kg6 52. Kg3 Rb3 53.
Ra2 Kg5 54. Ra5+ Kg6 55. Rd5 Ra3 56. Kf2 Rb3 57. Re5 Ra3 58. Re3 Ra4 59. Kg3 Kg5
60. f4+ Kf6 61. g5+ Kg6 62. Kg4 Ra1 63. f5+ Kg7 64. Re7+ Kf8 65. Rb7 Rg1+ 66.
Kh5 Rh1+ 67. Kg6 Ra1 68. Rb8+ Ke7 69. f6+ Kd7 70. f7 1-0

[Event "2nd Sharjah Masters 2018"]
[Site "Sharjah UAE"]
[Date "2018.04.15"]
[Round "5.32"]
[White "Mullick, Raahil"]
[Black "Srija, Seshadri"]
[Result "1-0"]
[WhiteTitle "CM"]
[BlackTitle "WIM"]
[WhiteElo "2053"]
[BlackElo "2264"]
[WhiteFideId "35080350"]
[BlackFideId "5055903"]
[EventDate "2018.04.12"]

1. e4 e5 2. Nf3 Nc6 3. Bb5 a6 4. Ba4 Nf6 5. O-O Be7 6. Re1 b5 7. Bb3 d6 8. c3
O-O 9. h3 Na5 10. Bc2 c5 11. d4 Nd7 12. Nbd2 exd4 13. cxd4 Nc6 14. d5 Nce5 15.
Nxe5 Nxe5 16. f4 Ng6 17. Nf3 Bh4 18. Nxh4 Qxh4 19. f5 Ne5 20. Rf1 Re8 21. Bf4 a5
22. Qd2 h6 23. Qe3 a4 24. Bg3 Qf6 25. Qf2 Nc4 26. e5 Nxe5 27. Bh4 g5 28. fxg6
Qxf2+ 29. Rxf2 Nxg6 30. Bg3 c4 31. Raf1 Ra7 32. Bxd6 Rd7 33. Bxg6 fxg6 34. Bb4
Bb7 35. d6 Bd5 36. a3 h5 37. h4 Bf7 38. Ba5 Be6 39. Bb4 Bf5 40. Rd2 Bd3 41. Rf4
Re5 42. Rdf2 Bf5 43. Kh2 Kf7 44. Rd2 Ke6 45. Bc3 Re3 46. Rfd4 Bd3 47. Rf2 Rxd6
48. Rf6+ Kxf6 49. Rxd3+ 1-0

[Event "2nd Sharjah Masters 2018"]
[Site "Sharjah UAE"]
[Date "2018.04.15"]
[Round "5.33"]
[White "Raahul, V S"]
[Black "Polakhare, Aryan"]
[Result "1-0"]
[WhiteElo "2258"]
[BlackElo "1966"]
[WhiteFideId "25035525"]
[BlackFideId "25069632"]
[EventDate "2018.04.12"]

1. c4 e5 2. Nc3 Nf6 3. g3 Bb4 4. Bg2 Bxc3 5. bxc3 O-O 6. Nf3 Re8 7. O-O Nc6 8.
d4 d6 9. Rb1 Rb8 10. Nh4 Na5 11. c5 exd4 12. cxd4 dxc5 13. dxc5 Qe7 14. Qa4 b6
15. Bd2 Ba6 16. Bxa5 bxa5 17. Qxa5 Bxe2 18. Rxb8 Rxb8 19. Re1 Rb2 20. Bf1 Qe6
21. Qxc7 g5 22. Nf3 Qxa2 23. Qe5 Bxf3 24. Qxg5+ Kf8 25. Qh6+ Kg8 26. Qxf6 Be2
27. Qe5 a5 28. Bxe2 f6 29. Qe8+ Kg7 30. Qe7+ Qf7 31. Qxf7+ Kxf7 32. Bc4+ Kg6 33.
c6 Rb8 34. Be6 a4 35. c7 Ra8 36. Rd1 a3 37. Rd8 Ra6 38. Bf5+ Kh6 39. c8=Q Ra7
40. Rg8 a2 41. Qc1+ 1-0

[Event "2nd Sharjah Masters 2018"]
[Site "Sharjah UAE"]
[Date "2018.04.15"]
[Round "5.34"]
[White "Krithigga, K"]
[Black "El Jawich, Amro"]
[Result "1/2-1/2"]
[BlackTitle "FM"]
[WhiteElo "2003"]
[BlackElo "2254"]
[WhiteFideId "25013505"]
[BlackFideId "5300380"]
[EventDate "2018.04.12"]

1. c4 g6 2. g3 Bg7 3. Bg2 Nc6 4. Nc3 e5 5. Nf3 d6 6. O-O Nf6 7. d3 O-O 8. Rb1 a5
9. a3 h6 10. b4 axb4 11. axb4 Be6 12. Ne1 Rb8 13. Nd5 Bxd5 14. cxd5 Ne7 15. e4
c6 16. dxc6 bxc6 17. Be3 Qd7 18. f3 Rb7 19. Qd2 c5 20. Bxh6 Bxh6 21. Qxh6 cxb4
22. Bh3 Qc6 23. f4 Qc5+ 24. Kh1 exf4 25. gxf4 Qh5 26. Qxh5 Nxh5 27. Rf2 f5 28.
e5 d5 29. Bf1 Ra8 30. d4 Nc6 31. Bg2 Ra5 32. Rc2 Rb6 33. Rc5 Nxf4 34. Rxa5 Nxa5
35. Nc2 Nxg2 36. Kxg2 b3 37. Ne3 Rb4 38. Nxd5 Rxd4 39. Nc7 Rc4 40. Nb5 Rc5 41.
Nd4 Rxe5 42. Nxb3 Nc6 43. Rc1 Ne7 44. Nd4 Re4 45. Nf3 Kg7 46. Rb1 Kh6 47. h4 Kh5
48. Kh3 Nd5 49. Rb8 Kh6 50. Rh8+ Kg7 51. Rd8 Nf4+ 52. Kg3 Nh5+ 53. Kf2 Ra4 54.
Rd6 Nf6 55. Rb6 f4 56. Kg2 Ra2+ 57. Kh3 Ra3 58. Kg2 Ra2+ 59. Kh3 Rf2 60. Ng5 Re2
61. Rb7+ Kg8 62. Rb8+ Kg7 63. Rb7+ Kg8 64. Rb8+ Kg7 1/2-1/2

[Event "2nd Sharjah Masters 2018"]
[Site "Sharjah UAE"]
[Date "2018.04.15"]
[Round "5.35"]
[White "Ahmed, Fareed"]
[Black "Mohannad, Farhan"]
[Result "0-1"]
[WhiteTitle "FM"]
[BlackTitle "FM"]
[WhiteElo "1989"]
[BlackElo "2219"]
[WhiteFideId "9303677"]
[BlackFideId "8100918"]
[EventDate "2018.04.12"]

1. e4 d5 2. exd5 Qxd5 3. Nc3 Qd8 4. Nf3 Bf5 5. Ne5 Nd7 6. Nxf7 Kxf7 7. Qf3 e6 8.
Bc4 Qf6 9. Qxb7 Qe5+ 10. Kd1 Rb8 11. Qc6 Ngf6 12. d3 Qc5 13. Qa4 Qxf2 14. Re1
Bg4+ 15. Ne2 Qxg2 16. Bf4 Bb4 17. c3 Bc5 18. d4 Bd6 19. Kc1 Bxf4+ 0-1

[Event "2nd Sharjah Masters 2018"]
[Site "Sharjah UAE"]
[Date "2018.04.15"]
[Round "5.36"]
[White "Aradhya, Garg"]
[Black "Abid, Ali Mujawar"]
[Result "1-0"]
[WhiteElo "2218"]
[BlackElo "1800"]
[WhiteFideId "25006746"]
[BlackFideId "25039938"]
[EventDate "2018.04.12"]

1. d4 d5 2. c4 c6 3. cxd5 cxd5 4. Bg5 Nc6 5. Nc3 Qb6 6. e3 e6 7. Qd2 Bd7 8. Bd3
Rc8 9. Nf3 Nb4 10. Be2 Bd6 11. O-O Ne7 12. Rfc1 O-O 13. a3 Na6 14. b4 Nc7 15.
Bd3 f5 16. b5 Qa5 17. Bxe7 Bxe7 18. Nxd5 Qxd2 19. Nxe7+ Kf7 20. Nxc8 Qa5 21.
Ne5+ Kg8 22. Ne7+ Kh8 23. Nxd7 Rd8 24. Ne5 Re8 25. Nf7# 1-0

[Event "2nd Sharjah Masters 2018"]
[Site "Sharjah UAE"]
[Date "2018.04.15"]
[Round "5.37"]
[White "Salim, Mohammed Salim Al Amri"]
[Black "Nyazi, Nehad"]
[Result "0-1"]
[WhiteTitle "FM"]
[WhiteElo "1970"]
[BlackElo "2213"]
[WhiteFideId "22000089"]
[BlackFideId "10601988"]
[EventDate "2018.04.12"]

1. e4 c6 2. d4 d5 3. e5 c5 4. Nf3 cxd4 5. Nxd4 e6 6. Nd2 Nc6 7. N2f3 Nge7 8. Bb5
a6 9. Ba4 Bd7 10. c3 Nxd4 11. Nxd4 Bxa4 12. Qxa4+ Qd7 13. Qxd7+ Kxd7 14. Ke2 Nc6
15. f4 Nxd4+ 16. cxd4 Rc8 17. Kd3 Bb4 18. Bd2 Bxd2 19. Kxd2 Rc4 20. Kd3 Rhc8 21.
Rhd1 b5 22. Rd2 a5 23. Rf1 b4 24. f5 a4 25. f6 g6 26. g3 h5 27. Rff2 a3 28. bxa3
Rc3+ 29. Ke2 bxa3 30. Rd3 Rc2+ 31. Rd2 R8c4 32. Ke3 R4c3+ 33. Kf4 Rc1 34. Kg5
Ke8 35. Kf4 Kf8 36. Rf3 g5+ 37. Kxg5 Rxf3 38. Kxh5 Rfc3 39. Kg5 R1c2 40. Rd1
Rxa2 41. Rb1 Rb2 0-1

[Event "2nd Sharjah Masters 2018"]
[Site "Sharjah UAE"]
[Date "2018.04.15"]
[Round "5.38"]
[White "Aditya, Mittal"]
[Black "Mahajan, Ayush"]
[Result "1-0"]
[WhiteTitle "CM"]
[WhiteElo "2212"]
[BlackElo "1559"]
[WhiteFideId "35042025"]
[BlackFideId "35087290"]
[EventDate "2018.04.12"]

1. d4 d5 2. c4 e6 3. Nc3 Be7 4. cxd5 exd5 5. Bf4 c6 6. e3 Nf6 7. Bd3 Nbd7 8.
Nge2 Nh5 9. Bg3 Ndf6 10. Bh4 Ne4 11. Bxe7 Qxe7 12. Bxe4 dxe4 13. d5 Nf6 14. dxc6
bxc6 15. O-O O-O 16. Qa4 c5 17. Rac1 Bd7 18. Qc2 Rfc8 19. Rfd1 Bc6 20. Nf4 Qe5
21. h3 g5 22. Nfe2 Nd7 23. g4 h5 24. Ng3 Nf6 25. gxh5 Qe6 26. Kg2 Bd7 27. Rh1
Bc6 28. Rcd1 Rd8 29. Nce2 Rxd1 30. Rxd1 Bd7 31. Rh1 Rc8 32. Nc3 Bc6 33. Qe2 Rd8
34. h4 g4 35. Rd1 Rd3 36. Kh2 Rxd1 37. Qxd1 Qe5 38. Ne2 Nxh5 39. Qd8+ Kg7 40.
Qc8 Nxg3 41. Nxg3 Qe6 42. Nh5+ Kh7 43. Qxe6 fxe6 44. Nf6+ Kg6 45. Nxg4 Kh5 46.
Kg3 a5 47. Ne5 Bd5 48. a3 c4 49. Kh3 Kh6 50. Kg4 Kg7 51. Kg5 Kh7 52. h5 a4 53.
h6 c3 54. bxc3 Kg8 55. c4 Bb7 56. c5 Bc8 57. c6 1-0

[Event "2nd Sharjah Masters 2018"]
[Site "Sharjah UAE"]
[Date "2018.04.16"]
[Round "6.1"]
[White "Maghsoodloo, Parham"]
[Black "Sethuraman, S.P."]
[Result "1-0"]
[WhiteTitle "GM"]
[BlackTitle "GM"]
[WhiteElo "2615"]
[BlackElo "2631"]
[WhiteFideId "12539929"]
[BlackFideId "5021596"]
[EventDate "2018.04.12"]

1. Nf3 d5 2. g3 Nf6 3. Bg2 c5 4. c4 Nc6 5. cxd5 Nxd5 6. Nc3 Nc7 7. O-O e5 8. b3
Be7 9. Bb2 O-O 10. Ne1 Be6 11. Bxc6 bxc6 12. Nf3 f6 13. d3 Bh3 14. Re1 Ne6 15.
Rc1 Qe8 16. Na4 Rd8 17. Rc4 Qg6 18. Ba3 Rd5 19. Qc1 Bg4 20. Bxc5 Nxc5 21. Nxc5
Bxf3 22. exf3 Bxc5 23. Rxc5 Qxd3 24. Kg2 Rxc5 25. Qxc5 Qa6 26. Qc2 Rd8 27. Re3
h6 28. h4 Qb7 29. Rc3 Rd6 30. Rc5 Qb6 31. a4 Kh8 32. Rc4 a6 33. Rc5 Qb7 34. h5
Qb6 35. Qc3 Kh7 36. b4 Kh8 37. Qc4 Kh7 38. Qc2+ Kh8 39. Qc3 Kh7 40. Qc4 Kh8 41.
Qf7 Kh7 42. Qg6+ Kh8 43. Rxe5 fxe5 44. Qxd6 Kh7 45. Qxe5 Qxb4 46. Qe4+ Qxe4 47.
fxe4 Kg8 48. Kf3 Kf7 49. Ke3 1-0

[Event "2nd Sharjah Masters 2018"]
[Site "Sharjah UAE"]
[Date "2018.04.16"]
[Round "6.2"]
[White "Naiditsch, Arkadij"]
[Black "Kovalev, Vladislav"]
[Result "1-0"]
[WhiteTitle "GM"]
[BlackTitle "GM"]
[WhiteElo "2701"]
[BlackElo "2648"]
[WhiteFideId "4650891"]
[BlackFideId "13504398"]
[EventDate "2018.04.12"]

1. d4 Nf6 2. Nf3 g6 3. c3 Bg7 4. Bg5 O-O 5. Nbd2 d6 6. e4 c5 7. dxc5 dxc5 8. Be2
Nc6 9. h3 Qc7 10. O-O h6 11. Be3 b6 12. Qc2 Bb7 13. a4 Rac8 14. Rad1 Rfd8 15.
Rfe1 e6 16. Qb1 Na5 17. b4 cxb4 18. cxb4 Nc6 19. Nc4 Ne7 20. Nfd2 Nc6 21. Bf1
Qe7 22. b5 Nd4 23. e5 Ne8 24. a5 bxa5 25. Qb2 Nf5 26. Bxa7 Bxg2 27. Bxg2 Qxa7
28. b6 Qa6 29. b7 Rb8 30. Qb6 Qxb6 31. Nxb6 Nh4 32. Bh1 Bxe5 33. Rxe5 Nd6 34.
Rb1 Nxb7 35. Nbc4 Rd7 36. Reb5 Rbd8 37. Rxb7 Rxd2 38. Nxd2 Rxd2 39. Ra7 Rd4 40.
Rbb7 Rf4 41. Bc6 g5 42. Be8 Nf3+ 43. Kf1 Ne5 44. Rxa5 Ng6 45. Raa7 Ne5 46. h4
Kg7 47. h5 Kf8 48. Ra8 Kg7 49. Ra4 Rf6 50. Ke2 Kf8 51. Re4 Rf5 52. Rb5 Nf3 53.
Rxf5 exf5 54. Ra4 1-0

[Event "2nd Sharjah Masters 2018"]
[Site "Sharjah UAE"]
[Date "2018.04.16"]
[Round "6.3"]
[White "Petrosian, Tigran L."]
[Black "Eljanov, Pavel"]
[Result "1/2-1/2"]
[WhiteTitle "GM"]
[BlackTitle "GM"]
[WhiteElo "2609"]
[BlackElo "2700"]
[WhiteFideId "13301616"]
[BlackFideId "14102951"]
[EventDate "2018.04.12"]

1. Nf3 Nf6 2. g3 d5 3. Bg2 e6 4. O-O Be7 5. b3 O-O 6. Bb2 c5 7. c4 Nc6 8. e3 d4
9. exd4 cxd4 10. Re1 Ne8 11. Ne5 Nxe5 12. Rxe5 f6 13. Re1 e5 14. Ba3 Bxa3 15.
Nxa3 Rb8 16. b4 Nc7 17. d3 b6 18. Qa4 a6 19. f4 exf4 20. gxf4 Kh8 21. b5 Qd6 22.
Nc2 a5 23. Qa3 Qxa3 24. Nxa3 Ne6 25. Rf1 Nc5 26. Nc2 Bf5 27. Nxd4 Bxd3 28. Rfc1
Rbd8 29. Nb3 Ne6 30. a4 Nxf4 31. c5 Ne2+ 32. Kf2 Nxc1 33. Rxc1 bxc5 34. Nxc5 Bf5
35. b6 Rd2+ 36. Kg1 Rb2 37. b7 h5 38. Bc6 Rb8 39. Bb5 Kh7 40. h4 g5 41. hxg5
fxg5 42. Re1 h4 43. Re7+ Kg6 44. Na6 Rxb7 45. Rxb7 Kf6 46. Bc6 Rc2 47. Rb6 Ke5
48. Rb5+ Kf4 49. Rc5 Rd2 50. Nc7 h3 51. Nd5+ Kg3 52. Ne3 Bd3 53. Rxg5+ Kf4 54.
Rxa5 h2+ 55. Kh1 Kxe3 56. Rh5 Be4+ 1/2-1/2

[Event "2nd Sharjah Masters 2018"]
[Site "Sharjah UAE"]
[Date "2018.04.16"]
[Round "6.4"]
[White "Iturrizaga Bonelli, Eduardo"]
[Black "Inarkiev, Ernesto"]
[Result "1/2-1/2"]
[WhiteTitle "GM"]
[BlackTitle "GM"]
[WhiteElo "2624"]
[BlackElo "2680"]
[WhiteFideId "3901211"]
[BlackFideId "4162722"]
[EventDate "2018.04.12"]

1. d4 d5 2. Nf3 Nf6 3. c4 dxc4 4. e3 e6 5. Bxc4 c5 6. O-O a6 7. b3 b5 8. Be2
Nbd7 9. a4 b4 10. Bb2 Bb7 11. Nbd2 Be7 12. Rc1 Rc8 13. Nc4 O-O 14. Nfe5 Qc7 15.
Nxd7 Nxd7 16. dxc5 Rfd8 17. Nd6 Nxc5 18. Qd4 Bf6 19. Qxc5 Qxd6 20. Qxd6 Rxd6 21.
Rxc8+ Bxc8 22. Rc1 Bb7 23. Bxf6 gxf6 24. Kf1 Rd2 25. Bf3 Bxf3 26. gxf3 Rb2 27.
Rc6 a5 28. Rc5 Rxb3 29. Rxa5 Rb2 30. Rb5 b3 31. a5 Ra2 32. Rxb3 1/2-1/2

[Event "2nd Sharjah Masters 2018"]
[Site "Sharjah UAE"]
[Date "2018.04.16"]
[Round "6.5"]
[White "Tabatabaei, M.amin"]
[Black "Jones, Gawain C B"]
[Result "0-1"]
[WhiteTitle "IM"]
[BlackTitle "GM"]
[WhiteElo "2605"]
[BlackElo "2675"]
[WhiteFideId "12521213"]
[BlackFideId "409561"]
[EventDate "2018.04.12"]

1. e4 e5 2. Nf3 Nc6 3. Bb5 a6 4. Ba4 Nf6 5. O-O b5 6. Bb3 Bc5 7. Nc3 O-O 8. d3
d6 9. Bg5 h6 10. Bh4 Bg4 11. Nd5 g5 12. h3 Bxf3 13. Qxf3 Kg7 14. Nxf6 Qxf6 15.
Qxf6+ Kxf6 16. Bd5 Nd4 17. Bxa8 Rxa8 18. Bg3 Nxc2 19. Rad1 Ke6 20. Kh2 f5 21.
exf5+ Kf6 22. a3 Nd4 23. Rc1 Nxf5 24. Rfe1 Bb6 25. Re4 c5 26. f3 Nxg3 27. Kxg3
d5 28. Re2 Rc8 29. b3 Rc6 30. h4 gxh4+ 31. Kxh4 Kf5 32. g3 Bc7 33. Kh5 Bd6 34.
f4 exf4 35. g4+ Kf6 36. Rce1 Bf8 37. Rf1 Bd6 38. Rfe1 Bf8 39. Rf1 Bd6 40. Kxh6
c4 41. bxc4 bxc4 42. dxc4 dxc4 43. g5+ Kf5 44. Kh5 Rc8 45. Kh6 Be5 46. Rxe5+
Kxe5 47. g6 Ke4 48. g7 f3 49. Kh7 c3 50. Re1+ Kd3 51. Rd1+ Ke2 52. Rd6 c2 0-1

[Event "2nd Sharjah Masters 2018"]
[Site "Sharjah UAE"]
[Date "2018.04.16"]
[Round "6.6"]
[White "Abdusattorov, Nodirbek"]
[Black "Adhiban, Baskaran"]
[Result "1/2-1/2"]
[WhiteTitle "IM"]
[BlackTitle "GM"]
[WhiteElo "2540"]
[BlackElo "2661"]
[WhiteFideId "14204118"]
[BlackFideId "5018471"]
[EventDate "2018.04.12"]

1. e4 e5 2. Nf3 Nc6 3. Bb5 a6 4. Ba4 Nf6 5. O-O b5 6. Bb3 Bb7 7. d3 Be7 8. Nc3
d6 9. a3 O-O 10. Bg5 h6 11. Bxf6 Bxf6 12. Nd5 Nb8 13. a4 Nd7 14. axb5 axb5 15.
Rxa8 Bxa8 16. Qd2 c6 17. Nxf6+ Qxf6 18. Qe3 Bb7 19. c3 c5 20. Nd2 Qe7 21. Ra1
Ra8 22. Rxa8+ Bxa8 23. Qe1 Nf6 24. Qa1 Bc6 25. Qa5 Ne8 26. Nf1 Qc7 27. Qa2 g6
28. Ne3 Nf6 29. h3 Kg7 30. Qa6 Qb7 31. Qa5 c4 32. dxc4 bxc4 33. Bxc4 Qxb2 34.
Qc7 Be8 35. Qe7 Nxe4 36. Qxe8 Qxf2+ 37. Kh1 Qf4 38. Nf1 d5 39. Ba6 Nxc3 40. Qc6
d4 41. Bc4 e4 42. Qd7 e3 43. Ng3 h5 44. Nf5+ Qxf5 45. Qxd4+ Qf6 46. Qxe3 h4 47.
Qd3 Na4 48. Bxf7 Qa1+ 49. Kh2 Qe5+ 50. Kh1 Qa1+ 51. Kh2 Qe5+ 52. Kh1 Qe1+ 53.
Kh2 Qg3+ 54. Qxg3 hxg3+ 55. Kxg3 Kxf7 56. h4 Kg7 57. Kf4 Kh6 58. g4 Nc3 59. Ke5
Nb1 60. Kf4 Nd2 61. Ke3 Nb3 62. Ke4 Kh7 63. Kf4 Kh6 64. Ke4 Nd2+ 65. Ke3 Nc4+
66. Kd4 Nd6 67. Ke5 Nf7+ 68. Kf4 Nd8 69. Ke4 Kg7 70. Ke5 Nf7+ 71. Kf4 Kf6 72.
g5+ Kg7 73. Kg4 Ne5+ 74. Kf4 Nc4 75. Kg4 Ne3+ 76. Kf4 Ng2+ 77. Kg3 Nxh4 78. Kxh4
Kf7 79. Kg4 Ke6 80. Kf3 Kf5 81. Kg2 Kxg5 82. Kg3 Kf5 83. Kf3 g5 84. Kg3 g4 85.
Kg2 Kf4 86. Kf2 g3+ 87. Kg2 Kg4 88. Kg1 Kf3 89. Kf1 g2+ 90. Kg1 Kg3 1/2-1/2